Southville International School and Colleges
Your cart is empty.
  • Cart
  • Lists
    Public lists Eva Luna New books Lux_list list_1
    Your lists Log in to create your own lists
  • Log in to your account
  • Your cookies
  • Search history
Southville International School and Colleges
  • Advanced search
  • Recent comments
  • Most popular
  • Libraries

Log in to your account

Log in with GOOGLE


If you do not have an external account, but do have a local account, you can still log in:

  1. Home
  2. MARC view: Special needs and early years :
Normal view MARC view ISBD view

Special needs and early years : (Record no. 39751)

[ view plain ]
MARC details
000 -LEADER
fixed length control field 00706nam a2200205 a 4500
005 - DATE AND TIME OF LATEST TRANSACTION
control field 20140311163041.0
008 - FIXED-LENGTH DATA ELEMENTS--GENERAL INFORMATION
fixed length control field 120718s19uu xx 00 eng d
020 ## - INTERNATIONAL STANDARD BOOK NUMBER
International Standard Book Number 9781849201339
050 ## - LIBRARY OF CONGRESS CALL NUMBER
Classification number LC 3986 .G7
Item number .W35 2011
100 ## - MAIN ENTRY--PERSONAL NAME
Personal name Wall, Kate
245 ## - TITLE STATEMENT
Title Special needs and early years :
Remainder of title a practitioner's guide /
Statement of responsibility, etc Kate Wall.
250 ## - EDITION STATEMENT
Edition statement 3rd ed.
260 ## - PUBLICATION, DISTRIBUTION, ETC. (IMPRINT)
Place of publication, distribution, etc London ; Thousand Oaks, Calif :
Name of publisher, distributor, etc SAGE,
Date of publication, distribution, etc 2011.
300 ## - PHYSICAL DESCRIPTION
Extent xiv, 249 p. :
Other physical details ill. ;
Dimensions 24 cm.
500 ## - GENERAL NOTE
General note Previous ed.: London: Paul Chapman, 2006. Includes bibliographical references (p. 227-240) and index.
521 ## - TARGET AUDIENCE NOTE
Target audience note
650 ## - SUBJECT ADDED ENTRY--TOPICAL TERM
Topical term or geographic name as entry element Early childhood special education
General subdivision Great Britain
942 ## - ADDED ENTRY ELEMENTS (KOHA)
Koha item type Books
Source of classification or shelving scheme Library of Congress Classification
Call number prefix Foreign
Holdings
Withdrawn status Lost status Source of classification or shelving scheme Damaged status Home library Current library Shelving location Date acquired Source of acquisition Cost, normal purchase price Total Checkouts Full call number Barcode Date last seen Copy number Price effective from Koha item type
    Library of Congress Classification   College Library College Library General Circulation Section 07/18/2012 Donation 2158.00   LC 3986.G7 .W35 2011 C14492 05/15/2018 1 10/18/2013 Books

Special needs and early years :

APA

Wall K., . (2011). Special needs and early years. London ; Thousand Oaks, Calif: SAGE.

Chicago

Wall Kate, . 2011. Special needs and early years. London ; Thousand Oaks, Calif: SAGE.

Harvard

Wall K., . (2011). Special needs and early years. London ; Thousand Oaks, Calif: SAGE.

MLA

Wall Kate, . Special needs and early years. London ; Thousand Oaks, Calif: SAGE. 2011.

  • Place hold
  • Print
  • Cite
  • Add to your cart (remove)
  • Save record
    BIBTEX Dublin Core MARCXML MARC (non-Unicode/MARC-8) MARC (Unicode/UTF-8) MARC (Unicode/UTF-8, Standard) MODS (XML) RIS
  • More searches
    Search for this title in:
    Other Libraries (WorldCat) Other Databases (Google Scholar) Online Stores (Bookfinder.com) Open Library (openlibrary.org)

Exporting to Dublin Core...

SOUTHVILLE LIBRARY

Southville International School and Colleges Library

1281 Tropical Ave. Cor. Luxembourg St., BF Homes International, Las Pinas City

Tel. No. 8256374 / 252358 Loc. 117/146

Powered by Koha